DENTAL PHARMACOLOGY (Record no. 4898)

MARC details
000 -LEADER
fixed length control field 00308nam a2200133Ia 4500
008 - FIXED-LENGTH DATA ELEMENTS--GENERAL INFORMATION
fixed length control field 150201s2014 xx 000 0 und d
082 ## - DEWEY DECIMAL CLASSIFICATION NUMBER
Classification number 615
Item number D2014S
100 ## - MAIN ENTRY--PERSONAL NAME
Personal name SHARMA ,H.L
245 ## - TITLE STATEMENT
Title DENTAL PHARMACOLOGY
250 ## - EDITION STATEMENT
Edition statement 2ND
260 ## - PUBLICATION, DISTRIBUTION, ETC. (IMPRINT)
Name of publisher, distributor, etc. PARAS PUBLICATION
650 ## - SUBJECT ADDED ENTRY--TOPICAL TERM
Topical term or geographic name as entry element PHARMACOLOGY
942 ## - ADDED ENTRY ELEMENTS (KOHA)
Source of classification or shelving scheme Dewey Decimal Classification
Koha item type Books
Koha issues (borrowed), all copies 2
Holdings
Withdrawn status Lost status Source of classification or shelving scheme Damaged status Not for loan Home library Current library Date acquired Serial Enumeration / chronology SGTU Total Checkouts Full call number Barcode Date last seen Date last checked out Bill Date Koha item type
    Dewey Decimal Classification     SGT Dental Library SGT Dental Library 15/07/2014 1 SGTU 6 615 D2014S FD7110 05/03/2026 17/02/2026 09/02/2015 Books